000 00998nam a2200217 i 4500
001 46222
003 ES-MaACL
005 20230906161338.0
007 t|
008 030328s1987 sp a |||| | spa d
111 2 _aConferencia Internacional sobre el SIDA (
_d1987.
_cSantander)
_9211
245 1 0 _aConferencia Internacional sobre el Sida
_b: Universidad Internacional Menéndez y Pelayo, Santander, 6 al 11 de julio de 1987 /
_cdirector, Rafael Nájera Morrondo ; [edición al cuidado y compilación de Ricardo Usieto Atondo ; autores, Julián García Vargas ... [et al.].
260 _aSantander ;
_aMadrid :
_bUniversidad Internacional Menéndez Pelayo,
_c1987.
300 _a259 p. :
_bil. ;
_c24 cm.
650 4 _aSIDA-
_vCongresos y asambleas.
_9169571
700 1 _aNájera Morrondo, Rafael.
_984872
700 1 _aUsieto Atondo, Ricardo.
_9112305
700 1 _aGarcía Vargas, Julián.
_955376
710 2 _aUniversidad Internacional Menéndez Pelayo.
_97384
852 _aES-MaACL
_jG-13316
999 _c46222
_d46222